header

Modeling and high performance control of electric machines (Record no. 209887)

MARC details
000 -LEADER
fixed length control field 01285nam a22003134a 4500
082 04 - DEWEY DECIMAL CLASSIFICATION NUMBER
Classification number 621.31/042
100 1# - MAIN ENTRY--AUTHOR NAME
Personal name Chiasson, John Nelson.
245 10 - TITLE STATEMENT
Title Modeling and high performance control of electric machines
260 ## - PUBLICATION, DISTRIBUTION, ETC. (IMPRINT)
Place of publication Hoboken, NJ :
Name of publisher John Wiley,
Year of publication 2005.
300 ## - PHYSICAL DESCRIPTION
Number of Pages xx, 709 p. :
Other physical details ill.
490 1# - SERIES STATEMENT
Series statement IEEE Press series on power engineering
650 #0 - SUBJECT ADDED ENTRY--TOPICAL TERM
Topical Term Electric machinery
856 40 - ELECTRONIC LOCATION AND ACCESS
Uniform Resource Identifier http://site.ebrary.com/lib/rucke/Doc?id=10114192

No items available.

© 2026 Rongo University
Contact us: librarian | system librarian | Rongo university